000 00989nam a22002417a 4500
999 _c18729
_d18729
008 081119t xxu||||| |||| 00| 0 eng d
010 _aENG-91677 B-687918-933 ENG-136988
020 _a9788184550917
_c1295.00
035 _aB-687918-933
035 _aEN-120520
037 _bDBAD / PUB
040 _adpl
_bEnglish
082 _a181.499
100 _aShukla, S.K.
245 _aSwami Vivekanand:
_b(educational philosopher & his work) /
_cby S.K. Shukla
260 _aNew Delhi
_bOmega Publications
_c2008
270 _a4398/5, Ansari Road, Daryaganj,
_bNew Delhi
_e110002
300 _av, 408p.
_c22cm (Hb)
500 _aIncludes bibliographical references
600 _aVivekananda, Swamy, 1863-1902
_xEducation
_xPhilosophy
942 _2ddc
_cEN
_mSHU
_h181.499